Los sujetos y la construcción social del conocimiento escolar en primaria: un estudio etnográfico
Salvato in:
| Autore principale: | |
|---|---|
| Natura: | Libro |
| Lingua: | spagnolo |
| Pubblicazione: |
Ciudad de México
Instituto Politécnico Nacional
1992
|
| Serie: | Tesis DIE, 4
|
| Soggetti: | |
| Tags: |
Aggiungi Tag
Nessun Tag, puoi essere il primo ad aggiungerne!!
|
MARC
| LEADER | 00000nam a2200000 a 4500 | ||
|---|---|---|---|
| 001 | UCQ2681 | ||
| 003 | CL-VaPUC | ||
| 008 | 980724e19920000MX |||||||||||||||||spa|d | ||
| 082 | 0 | 4 | |a 370.193 |b EDW |2 21 |
| 100 | 0 | |a Edwards Risopatrón, Verónica |e author |9 416716 | |
| 245 | 1 | 4 | |a Los sujetos y la construcción social del conocimiento escolar en primaria: un estudio etnográfico |
| 300 | |a 78 p | ||
| 942 | |c BK | ||
| 945 | |d 19980724 00:00:00 |a mvenant | ||
| 260 | |a Ciudad de México |b Instituto Politécnico Nacional |c 1992 | ||
| 650 | 0 | |a Sociología de la educación |9 260380 | |
| 650 | 0 | |a Alumnos |9 335074 | |
| 650 | 0 | |a Educación básica |9 224933 | |
| 650 | 7 | |a CONOCIMIENTO |2 CL-VaPUC |9 308991 | |
| 583 | |a last modification |c 19980724 00:00:00 |k Rodrigo Vera | ||
| 490 | 0 | |a Tesis DIE, 4 | |
| 999 | |c 273462 |d 273460 | ||
| 952 | |0 0 |1 0 |4 0 |6 370_193000000000000_EDW_1992 |7 0 |8 A |9 309033 |a BIBEDU |b BIBEDU |d 2019-11-20 |i 3445623 |o 370.193 EDW 1992 |p 3445623 |r 2019-11-20 |w 2019-11-20 |y BK |k EPE | ||